[Event "Titled Tuesday intern op 12th Mar Early"]
[Site "Chess.com INT"]
[Date "2024.03.12"]
[Round "4"]
[White "Weishaeutel, Moritz"]
[Black "Daurimbetov, Azamat"]
[Result "1-0"]
[WhiteElo "2378"]
[BlackElo "2067"]
[PlyCount "57"]
[EventDate "2024.03.12"]
[EventType "swiss (blitz)"]
[EventRounds "11"]
[EventCountry "USA"]
[SourceTitle "CB12_2024"]
[SourceDate "2023.10.01"]
[SourceVersion "1"]
[SourceVersionDate "2023.10.01"]
[SourceQuality "1"]

1. e4 e6 2. d4 d5 3. e5 c5 4. c3 Nc6 5. Nf3 Qb6 6. Bd3 Nh6 7. 0-0 cxd4 8. cxd4 Nf5 9. Bxf5 exf5 10. Nc3 Be6 11. a3 Be7 12. b4 0-0 13. Na4 Qd8 14. Nc5 b6 15. Nd3 Rc8 16. Be3 h6 17. Qd2 a5 18. b5 Na7 19. a4 g5 20. g3 Rc4 21. h4 g4 22. Nfe1 h5 23. Nf4 Bxh4 24. gxh4 Qxh4 25. Neg2 Qe7 26. Nxh5 Rfc8 27. Nf6+ Kh8 28. Bh6 Qd8 29. Qg5 1-0

[Event "Titled Tuesday intern op 13th Feb Early"]
[Site "Chess.com INT"]
[Date "2024.02.13"]
[Round "2"]
[White "Marczuk, Dominik"]
[Black "Daurimbetov, Azamat"]
[Result "1-0"]
[WhiteElo "2283"]
[BlackElo "2067"]
[PlyCount "59"]
[EventDate "2024.02.13"]
[EventType "swiss (blitz)"]
[EventRounds "11"]
[EventCountry "USA"]
[SourceTitle "CB08_2024"]
[SourceDate "2024.02.21"]
[SourceVersion "1"]
[SourceVersionDate "2024.02.21"]
[SourceQuality "1"]

1. c4 Nf6 2. Nc3 d5 3. cxd5 Nxd5 4. g3 g6 5. Bg2 Nb6 6. Nf3 Bg7 7. 0-0 0-0 8. d4 Nc6 9. d5 Na5 10. Bf4 Nac4 11. Nd2 Nxb2 12. Qb3 Bd7 13. Qxb2 Na4 14. Qxb7 Nxc3 15. Bxc7 Nxe2+ 16. Kh1 Qc8 17. Rab1 Nc3 18. Rb3 Bb5 19. d6 Bxf1 20. Nxf1 exd6 21. Qxa8 Qxc7 22. Qb7 Qa5 23. a3 h5 24. h4 Re8 25. Ne3 Ne4 26. Bxe4 Qe1+ 27. Kg2 Bd4 28. Bd5 Rf8 29. Qb4 Bc5 30. Qxe1 1-0

[Event "Titled Tuesday intern op 06th Feb Early"]
[Site "Chess.com INT"]
[Date "2024.02.06"]
[Round "9"]
[White "Daurimbetov, Azamat"]
[Black "Valgmae, Toomas"]
[Result "0-1"]
[WhiteElo "2067"]
[BlackElo "2270"]
[PlyCount "94"]
[EventDate "2024.02.06"]
[EventType "swiss (blitz)"]
[EventRounds "11"]
[EventCountry "USA"]
[SourceTitle "CB07_2024"]
[SourceDate "2024.02.14"]
[SourceVersion "1"]
[SourceVersionDate "2024.02.14"]
[SourceQuality "1"]

1. Nf3 d5 2. g3 c6 3. Bg2 Nf6 4. d4 Bg4 5. 0-0 e5 6. Nxe5 Bh5 7. c4 dxc4 8. Nxc4 Be7 9. Nc3 0-0 10. a4 Nbd7 11. Bf4 Nb6 12. Nxb6 axb6 13. Qb3 Re8 14. Rad1 Bf8 15. Be5 Nd7 16. Rfe1 Nxe5 17. dxe5 Qc7 18. Ne4 Rxe5 19. h3 Rae8 20. g4 Bg6 21. Ng3 Bc5 22. e3 Kh8 23. Rd2 f6 24. Red1 Bf7 25. Qc2 Rxe3 26. Rd7 Qxg3 27. fxg3 Rc3+ 28. Qf2 Bxf2+ 29. Kxf2 Rc2+ 30. Kg1 Ba2 31. b4 c5 32. bxc5 bxc5 33. Rxb7 h6 34. Bf1 Bg8 35. Rdd7 Re1 36. Rxg7 Rcc1 37. a5 Rxf1+ 38. Kg2 Ra1 39. Rgd7 Rfd1 40. Rxd1 Rxd1 41. a6 Ra1 42. Rb8 Rxa6 43. Rc8 c4 44. Kf2 Kg7 45. Ke3 Bf7 46. Kd4 Ra3 47. h4 Rxg3 0-1

[Event "Titled Tuesday intern op 14th Nov Early"]
[Site "Chess.com INT"]
[Date "2023.11.14"]
[Round "7"]
[White "Daurimbetov, Azamat"]
[Black "Winkels, Marcel"]
[Result "0-1"]
[WhiteElo "2105"]
[BlackElo "1902"]
[PlyCount "84"]
[EventDate "2023.11.14"]
[EventType "swiss (blitz)"]
[EventRounds "11"]
[EventCountry "USA"]
[SourceTitle "CB47_2023"]
[SourceDate "2023.11.22"]
[SourceVersion "1"]
[SourceVersionDate "2023.11.22"]
[SourceQuality "1"]

1. d4 Nf6 2. c4 g6 3. Nc3 d5 4. cxd5 Nxd5 5. e4 Nxc3 6. bxc3 Bg7 7. Nf3 c5 8. Rb1 0-0 9. Be2 b6 10. 0-0 Ba6 11. Be3 Qc7 12. Bxa6 Nxa6 13. Qe2 Nb8 14. Rfd1 Nd7 15. e5 Rac8 16. Bg5 f6 17. Bf4 fxe5 18. Bxe5 Nxe5 19. dxe5 Rcd8 20. c4 Rxd1+ 21. Rxd1 Rd8 22. e6 Bf6 23. Rd5 Rxd5 24. cxd5 c4 25. Ne1 c3 26. Nc2 Qc5 27. Qd3 b5 28. g3 a5 29. h4 b4 30. h5 Kg7 31. Qe4 g5 32. g4 Qd6 33. Ne3 Qc5 34. Nc2 Qc7 35. Kg2 Qf4 36. Qxf4 gxf4 37. Kf3 Be5 38. Ke4 Bd6 39. f3 a4 40. Kd4 b3 41. axb3 axb3 42. Na3 c2 0-1

[Event "Titled Tuesday intern op 14th Nov Early"]
[Site "Chess.com INT"]
[Date "2023.11.14"]
[Round "4"]
[White "Daurimbetov, Azamat"]
[Black "Wu, Derek"]
[Result "0-1"]
[WhiteElo "2105"]
[BlackElo "2255"]
[PlyCount "84"]
[EventDate "2023.11.14"]
[EventType "swiss (blitz)"]
[EventRounds "11"]
[EventCountry "USA"]
[SourceTitle "CB47_2023"]
[SourceDate "2023.11.22"]
[SourceVersion "1"]
[SourceVersionDate "2023.11.22"]
[SourceQuality "1"]

1. e4 c5 2. Nf3 Nc6 3. d4 cxd4 4. Nxd4 Nf6 5. Nc3 e5 6. Ndb5 d6 7. Bg5 a6 8. Na3 Be6 9. Nc4 Rb8 10. Bxf6 Qxf6 11. Nb6 Qd8 12. Nbd5 g6 13. Be2 Bh6 14. 0-0 0-0 15. Kh1 b5 16. f4 f5 17. exf5 gxf5 18. Qe1 b4 19. Bxa6 bxc3 20. Nxc3 Bxf4 21. Rd1 Bh6 22. b3 Qe7 23. a4 Nd4 24. Qf2 Kh8 25. Bd3 Rbc8 26. Nb5 Nxb5 27. Bxb5 e4 28. a5 e3 29. Qe2 f4 30. a6 Qg7 31. c4 Bg4 32. Qd3 e2 33. Qxd6 exd1Q 34. Rxd1 Bxd1 35. Qxd1 Rfd8 36. Qe1 Qd4 37. h3 Qd1 38. Qxd1 Rxd1+ 39. Kh2 Bg5 40. h4 Bxh4 41. Kh3 Bf2 42. a7 Bxa7 0-1

[Event "Titled Tuesday intern op 19th Sep Early"]
[Site "Chess.com INT"]
[Date "2023.09.19"]
[Round "8"]
[White "Daurimbetov, Azamat"]
[Black "Leyva Rivera, Yunier"]
[Result "0-1"]
[WhiteElo "2134"]
[BlackElo "2337"]
[PlyCount "60"]
[EventDate "2023.09.19"]
[EventType "swiss (blitz)"]
[EventRounds "11"]
[EventCountry "USA"]
[SourceTitle "EXT 2024"]
[Source "ChessBase"]
[SourceDate "2023.10.10"]
[SourceVersion "1"]
[SourceVersionDate "2023.10.10"]
[SourceQuality "1"]

1. e4 c5 2. Nf3 d6 3. d4 cxd4 4. Qxd4 a6 5. c4 Nc6 6. Qd3 Nf6 7. Nc3 g6 8. Be2 Bg7 9. 0-0 Bg4 10. h3 Bxf3 11. Bxf3 Rc8 12. Be2 Ne5 13. Qc2 Nxc4 14. Qa4+ Qd7 15. Bxc4 Qxa4 16. Bxf7+ Kxf7 17. Nxa4 Nxe4 18. Be3 Rc2 19. Rac1 Rhc8 20. Rxc2 Rxc2 21. Rb1 d5 22. Rc1 Rxc1+ 23. Bxc1 b5 24. Nb6 e6 25. Kf1 Bd4 26. Nc8 Bxf2 27. a4 Bc5 28. axb5 axb5 29. Ke2 Ke8 30. g4 Kd7 0-1

[Event "Titled Tuesday intern op 19th Sep Early"]
[Site "Chess.com INT"]
[Date "2023.09.19"]
[Round "3"]
[White "Derjabin, Ilja"]
[Black "Daurimbetov, Azamat"]
[Result "1-0"]
[WhiteElo "2333"]
[BlackElo "2134"]
[PlyCount "91"]
[EventDate "2023.09.19"]
[EventType "swiss (blitz)"]
[EventRounds "11"]
[EventCountry "USA"]
[SourceTitle "EXT 2024"]
[Source "ChessBase"]
[SourceDate "2023.10.10"]
[SourceVersion "1"]
[SourceVersionDate "2023.10.10"]
[SourceQuality "1"]

1. d4 Nf6 2. c4 g6 3. Nc3 d5 4. Bg5 Bg7 5. Nf3 Ne4 6. Bh4 c6 7. e3 Nxc3 8. bxc3 0-0 9. Be2 Bf5 10. 0-0 Nd7 11. Qb3 Qb6 12. Bxe7 Rfe8 13. Bh4 Qxb3 14. axb3 Nf6 15. Bxf6 Bxf6 16. cxd5 cxd5 17. c4 dxc4 18. bxc4 a5 19. c5 a4 20. Bb5 Reb8 21. Rxa4 Rxa4 22. Bxa4 b5 23. cxb6 Rxb6 24. h3 Be4 25. Nd2 Bd3 26. Rc1 Rb2 27. Nf3 h5 28. Bc6 Be2 29. Bd5 Bxf3 30. Bxf3 Rd2 31. Bd5 Kf8 32. g3 h4 33. g4 Rb2 34. Rc7 Be7 35. Rc8+ Kg7 36. Rc7 Kf6 37. Kg2 Rb6 38. e4 Bd6 39. e5+ Bxe5 40. dxe5+ Kxe5 41. Bxf7 g5 42. Bc4 Kf4 43. Rf7+ Ke4 44. Rf5 Rb4 45. Bd5+ Kd4 46. Rxg5 1-0

[Event "Titled Tuesday intern op 19th Sep Early"]
[Site "Chess.com INT"]
[Date "2023.09.19"]
[Round "11"]
[White "Seder, Mohamad"]
[Black "Daurimbetov, Azamat"]
[Result "1-0"]
[WhiteElo "2077"]
[BlackElo "2134"]
[PlyCount "85"]
[EventDate "2023.09.19"]
[EventType "swiss (blitz)"]
[EventRounds "11"]
[EventCountry "USA"]
[SourceTitle "EXT 2024"]
[Source "ChessBase"]
[SourceDate "2023.10.10"]
[SourceVersion "1"]
[SourceVersionDate "2023.10.10"]
[SourceQuality "1"]

1. e4 e6 2. d4 d5 3. e5 c5 4. c3 Nc6 5. Nf3 Qb6 6. Bd3 Nh6 7. Bxh6 gxh6 8. b3 Bd7 9. Bc2 Rc8 10. 0-0 Be7 11. Qd2 cxd4 12. cxd4 Nb4 13. Bd1 Bb5 14. Re1 Nd3 15. Re3 Bb4 16. Qe2 Nxe5 17. Qb2 Ng4 18. Re2 Bxe2 19. Bxe2 Nf6 20. a3 Bd6 21. Nc3 a6 22. Rc1 Qc7 23. Bd3 Ne4 24. Ne2 Qd7 25. Re1 f5 26. Ng3 Qc7 27. Ne5 Qc3 28. Qb1 Bxe5 29. dxe5 0-0 30. f3 Ng5 31. Nh5 Kh8 32. h4 Nf7 33. f4 Nd8 34. Qd1 Nc6 35. Re3 Qc5 36. Qf3 Nd4 37. Qf2 Nxb3 38. Nf6 d4 39. Rg3 Qc1+ 40. Kh2 Qd2 41. Qf3 Rc3 42. Qxb7 Rxd3 43. Qxh7# 1-0

[Event "Titled Tuesday intern op 12th Sep Early"]
[Site "Chess.com INT"]
[Date "2023.09.12"]
[Round "7"]
[White "Daurimbetov, Azamat"]
[Black "Blanco Diez, David"]
[Result "1-0"]
[WhiteElo "2134"]
[BlackElo "2298"]
[PlyCount "93"]
[EventDate "2023.09.12"]
[EventType "swiss (blitz)"]
[EventRounds "11"]
[EventCountry "USA"]
[SourceTitle "EXT 2024"]
[Source "ChessBase"]
[SourceDate "2023.10.10"]
[SourceVersion "1"]
[SourceVersionDate "2023.10.10"]
[SourceQuality "1"]

1. Nf3 g6 2. e4 Bg7 3. d4 d6 4. c4 a6 5. Nc3 c5 6. Be3 cxd4 7. Bxd4 Nf6 8. e5 dxe5 9. Bxe5 Qxd1+ 10. Rxd1 Nc6 11. Nd5 0-0 12. Bc3 Nxd5 13. cxd5 Nb8 14. Be2 b6 15. 0-0 Bb7 16. Bxg7 Kxg7 17. d6 e6 18. Ne5 Rd8 19. Rc1 Nd7 20. f4 Nc5 21. b4 Ne4 22. Rc7 Nxd6 23. Rd1 Bd5 24. Bf3 Rac8 25. Ra7 Bxf3 26. gxf3 Kg8 27. Rxa6 f6 28. Ng4 h5 29. Nxf6+ Kf7 30. Ne4 Nxe4 31. Rxd8 Rxd8 32. fxe4 Rd4 33. Rxb6 Rxe4 34. a4 Rxf4 35. a5 Rf3 36. a6 Ra3 37. b5 e5 38. Rb7+ Ke6 39. a7 Kd6 40. b6 Kc6 41. Rb8 e4 42. Kf2 g5 43. a8Q+ Rxa8 44. Rxa8 Kxb6 45. Rh8 Kb7 46. Rxh5 g4 47. Ke3 1-0

[Event "Titled Tuesday intern op 15th Aug Early"]
[Site "Chess.com INT"]
[Date "2023.08.15"]
[Round "8"]
[White "Daurimbetov, Azamat"]
[Black "Eynullayev, Altay Elshan"]
[Result "0-1"]
[WhiteElo "2134"]
[BlackElo "2214"]
[PlyCount "144"]
[EventDate "2023.08.15"]
[EventType "swiss (blitz)"]
[EventRounds "11"]
[EventCountry "USA"]
[SourceTitle "EXT 2024"]
[Source "ChessBase"]
[SourceDate "2023.10.10"]
[SourceVersion "1"]
[SourceVersionDate "2023.10.10"]
[SourceQuality "1"]

1. d4 Nf6 2. Bf4 e6 3. Nc3 d5 4. Nb5 Bb4+ 5. c3 Ba5 6. a4 a6 7. b4 axb5 8. axb5 0-0 9. bxa5 Nh5 10. Bg3 Nxg3 11. hxg3 c5 12. e3 Rxa5 13. dxc5 Rxa1 14. Qxa1 Nd7 15. Qb1 f5 16. Qb4 Qc7 17. Nf3 Qxc5 18. Qxc5 Nxc5 19. Ne5 Nd7 20. Nd3 e5 21. Nb4 Nb6 22. Kd2 Be6 23. Be2 Ra8 24. Kc2 h6 25. Kb2 Na4+ 26. Kc2 Rc8 27. c4 dxc4 28. Rd1 Kf7 29. Ra1 Nc5 30. Ra7 Kf6 31. f3 g5 32. Na2 h5 33. Nc3 h4 34. gxh4 gxh4 35. Na4 Nb3 36. Rxb7 Rd8 37. Kc3 Rg8 38. Rh7 Rxg2 39. Bxc4 Bxc4 40. Kxc4 Nd2+ 41. Kd5 Nxf3 42. b6 Rg8 43. b7 Kg6 44. Rc7 h3 45. Nb6 h2 46. Rc1 Ng1 47. Rc6+ Kg5 48. Nc8 h1Q+ 49. Kd6 Nh3 50. b8Q Rg6+ 51. Ke7 Qxc6 52. Nd6 Qxd6+ 53. Qxd6 Rxd6 54. Kxd6 e4 55. Ke5 Ng1 56. Kd4 Nf3+ 57. Kd5 Kg4 58. Kc4 f4 59. exf4 Kxf4 60. Kc3 e3 61. Kd3 Ne5+ 62. Ke2 Ke4 63. Ke1 Nc6 64. Ke2 Nd4+ 65. Ke1 Kd3 66. Kd1 e2+ 67. Ke1 Nc2+ 68. Kf2 e1Q+ 69. Kf3 Qe4+ 70. Kg3 Ne3 71. Kf2 Qg2+ 72. Ke1 Qe2# 0-1

[Event "Titled Tuesday intern op 15th Aug Early"]
[Site "Chess.com INT"]
[Date "2023.08.15"]
[Round "2"]
[White "Daurimbetov, Azamat"]
[Black "Papasimakopoulos, Alexandros"]
[Result "1-0"]
[WhiteElo "2134"]
[BlackElo "2409"]
[PlyCount "93"]
[EventDate "2023.08.15"]
[EventType "swiss (blitz)"]
[EventRounds "11"]
[EventCountry "USA"]
[SourceTitle "EXT 2024"]
[Source "ChessBase"]
[SourceDate "2023.10.10"]
[SourceVersion "1"]
[SourceVersionDate "2023.10.10"]
[SourceQuality "1"]

1. d4 e6 2. Bf4 d5 3. Nc3 Bd6 4. e3 Bxf4 5. exf4 Nf6 6. Nf3 0-0 7. Bd3 b6 8. Ne2 Ba6 9. Bxa6 Nxa6 10. 0-0 c5 11. c3 Nb8 12. Ng3 Nc6 13. Re1 Qd6 14. Qd2 Rac8 15. f5 cxd4 16. fxe6 dxc3 17. exf7+ Rxf7 18. Qxc3 d4 19. Nf5 Qd7 20. N5xd4 Nxd4 21. Qxd4 Qxd4 22. Nxd4 Rd7 23. Nf5 Rc2 24. h3 Rxb2 25. a4 g6 26. Ne7+ Kf7 27. Nc6 Rdd2 28. Ne5+ Kg7 29. Nc4 Rxf2 30. Nxb2 Rxb2 31. Re7+ Kh6 32. Rxa7 Nd5 33. Rf7 Nc3 34. Kh2 Rb4 35. a5 bxa5 36. Rxa5 Ne4 37. Raa7 Ng5 38. Rfc7 Rd4 39. Kg3 Rd3+ 40. Kf2 Rd4 41. Ke3 Re4+ 42. Kd3 Rb4 43. Rcb7 Rh4 44. Rc7 Rb4 45. Rc4 Rb3+ 46. Kc2 Rb4 47. Rxb4 1-0

[Event "Titled Tuesday intern op 15th Aug Early"]
[Site "Chess.com INT"]
[Date "2023.08.15"]
[Round "9"]
[White "Tabuenca Mendataurigoitia, Daniel"]
[Black "Daurimbetov, Azamat"]
[Result "1/2-1/2"]
[WhiteElo "2359"]
[BlackElo "2134"]
[PlyCount "113"]
[EventDate "2023.08.15"]
[EventType "swiss (blitz)"]
[EventRounds "11"]
[EventCountry "USA"]
[SourceTitle "EXT 2024"]
[Source "ChessBase"]
[SourceDate "2023.10.10"]
[SourceVersion "1"]
[SourceVersionDate "2023.10.10"]
[SourceQuality "1"]

1. e4 c5 2. Nf3 Nc6 3. d4 cxd4 4. Nxd4 g6 5. Nc3 Bg7 6. Be3 Nf6 7. Be2 0-0 8. Qd2 d5 9. Nxc6 bxc6 10. 0-0-0 Be6 11. e5 Nd7 12. f4 Qa5 13. Kb1 Rab8 14. b3 Nb6 15. Nxd5 Qxd5 16. Qb4 Nc4 17. Rxd5 Rxb4 18. Rd4 Na3+ 19. Kb2 Rxd4 20. Bxd4 Nb5 21. Bc5 f6 22. Bxe7 Rf7 23. Bxf6 Bxf6 24. exf6 Rxf6 25. g3 Bd5 26. Rd1 Nc7 27. c4 Bg2 28. Rd7 Rf7 29. Rd2 Be4 30. Kc3 c5 31. Bg4 Re7 32. Re2 Kf7 33. a3 h5 34. Bh3 a5 35. b4 axb4+ 36. axb4 cxb4+ 37. Kxb4 Na6+ 38. Kb5 Bc6+ 39. Kxc6 Rxe2 40. Bc8 Nb4+ 41. Kc5 Nd3+ 42. Kd4 Nb4 43. h3 Nc6+ 44. Kc5 Ne7 45. Bd7 Re3 46. g4 hxg4 47. hxg4 Re4 48. f5 g5 49. Kb5 Kf6 50. c5 Rxg4 51. c6 Rf4 52. c7 Rxf5+ 53. Bxf5 Kxf5 54. Kc5 Ke6 55. Kd4 Kd6 56. Ke4 Kxc7 57. Kf3 1/2-1/2

[Event "Titled Tuesday intern op 01st Aug Early"]
[Site "Chess.com INT"]
[Date "2023.08.01"]
[Round "4"]
[White "Daurimbetov, Azamat"]
[Black "Estrada Nieto, Julian"]
[Result "0-1"]
[WhiteElo "2134"]
[BlackElo "2217"]
[PlyCount "80"]
[EventDate "2023.08.01"]
[EventType "swiss (blitz)"]
[EventRounds "11"]
[EventCountry "USA"]
[SourceTitle "EXT 2024"]
[Source "ChessBase"]
[SourceDate "2023.10.10"]
[SourceVersion "1"]
[SourceVersionDate "2023.10.10"]
[SourceQuality "1"]

1. d4 d5 2. c4 dxc4 3. e3 e6 4. Bxc4 Nf6 5. Nf3 c5 6. 0-0 a6 7. a4 Nc6 8. b3 Be7 9. Bb2 0-0 10. dxc5 Bxc5 11. Qxd8 Rxd8 12. Bxf6 gxf6 13. Nc3 Bd7 14. Ne4 Be7 15. Rfd1 Be8 16. Kf1 Na5 17. Ned2 Bb4 18. Nd4 Bc3 19. Ne4 Bxa1 20. Nxf6+ Kg7 21. Nxe8+ Rxe8 22. Rxa1 Nxc4 23. bxc4 Rac8 24. Rb1 Re7 25. Rc1 Rec7 26. Rb1 Kf6 27. a5 Rxc4 28. Rxb7 R4c5 29. Nb3 Rb5 30. Rxb5 axb5 31. Ke2 Ke5 32. Kd3 Kd5 33. e4+ Kd6 34. Nd4 Kc5 35. f4 Rd8 36. a6 Rxd4+ 37. Ke3 Ra4 38. a7 Rxa7 39. f5 e5 40. g4 f6 0-1

[Event "Titled Tuesday intern op 01st Aug Early"]
[Site "Chess.com INT"]
[Date "2023.08.01"]
[Round "8"]
[White "Daurimbetov, Azamat"]
[Black "Johnson, Ben"]
[Result "0-1"]
[WhiteElo "2134"]
[BlackElo "1961"]
[PlyCount "58"]
[EventDate "2023.08.01"]
[EventType "swiss (blitz)"]
[EventRounds "11"]
[EventCountry "USA"]
[SourceTitle "EXT 2024"]
[Source "ChessBase"]
[SourceDate "2023.10.10"]
[SourceVersion "1"]
[SourceVersionDate "2023.10.10"]
[SourceQuality "1"]

1. d4 Nf6 2. c4 e6 3. Nf3 d5 4. g3 dxc4 5. Bg2 c5 6. e3 Nc6 7. 0-0 cxd4 8. Nxd4 Nxd4 9. exd4 Nd5 10. Qa4+ Bd7 11. Qxc4 Bc6 12. Nc3 Rc8 13. Nxd5 Bxd5 14. Qb5+ Bc6 15. Bxc6+ bxc6 16. Qa4 Qd5 17. Be3 Bd6 18. Qxa7 h5 19. h4 0-0 20. Qa4 Qe4 21. Rac1 Bxg3 22. fxg3 Qxe3+ 23. Kg2 Qe4+ 24. Kg1 Rfd8 25. Rfe1 Qg4 26. Qb3 Rxd4 27. Qe3 Rcd8 28. Rc3 Rd2 29. b4 Qh3 0-1

[Event "Titled Tuesday intern op 01st Aug Early"]
[Site "Chess.com INT"]
[Date "2023.08.01"]
[Round "11"]
[White "Daurimbetov, Azamat"]
[Black "Tabak, Stefan"]
[Result "1/2-1/2"]
[WhiteElo "2134"]
[BlackElo "2129"]
[PlyCount "75"]
[EventDate "2023.08.01"]
[EventType "swiss (blitz)"]
[EventRounds "11"]
[EventCountry "USA"]
[SourceTitle "EXT 2024"]
[Source "ChessBase"]
[SourceDate "2023.10.10"]
[SourceVersion "1"]
[SourceVersionDate "2023.10.10"]
[SourceQuality "1"]

1. d4 d5 2. c4 e6 3. Nf3 Nf6 4. g3 Bb4+ 5. Bd2 Bxd2+ 6. Qxd2 0-0 7. Bg2 b6 8. 0-0 Bb7 9. cxd5 Bxd5 10. Nc3 Bb7 11. Ne5 Bxg2 12. Kxg2 Nbd7 13. Nxd7 Qxd7 14. e3 c5 15. Rfd1 Rfd8 16. Qe2 Qb7+ 17. Qf3 Qxf3+ 18. Kxf3 cxd4 19. Rxd4 Rxd4 20. exd4 Rd8 21. Ne2 g6 22. Rc1 Nd5 23. a3 Kg7 24. Ke4 Kf6 25. Nc3 Ne7 26. g4 Nd5 27. Nxd5+ exd5+ 28. Kd3 Rd7 29. h4 Ke7 30. Rc6 Rd6 31. Rc7+ Rd7 32. Rc8 Kd6 33. g5 f6 34. gxf6 Ke6 35. Rc6+ Rd6 36. Rc7 Rd7 37. Rc6+ Rd6 38. Rc7 1/2-1/2

[Event "Titled Tuesday intern op 01st Aug Early"]
[Site "Chess.com INT"]
[Date "2023.08.01"]
[Round "6"]
[White "Daurimbetov, Azamat"]
[Black "Vafin, Ayrat"]
[Result "0-1"]
[WhiteElo "2134"]
[BlackElo "2302"]
[PlyCount "96"]
[EventDate "2023.08.01"]
[EventType "swiss (blitz)"]
[EventRounds "11"]
[EventCountry "USA"]
[SourceTitle "EXT 2024"]
[Source "ChessBase"]
[SourceDate "2023.10.10"]
[SourceVersion "1"]
[SourceVersionDate "2023.10.10"]
[SourceQuality "1"]

1. e4 e5 2. Nf3 Nf6 3. Nc3 Bb4 4. d3 0-0 5. Be2 d5 6. exd5 Nxd5 7. Bd2 Re8 8. 0-0 Nxc3 9. bxc3 Bc5 10. Re1 Nc6 11. Bf1 Bg4 12. h3 Bh5 13. Rb1 b6 14. Be3 Bd6 15. g4 Bg6 16. Bg2 Qd7 17. Nh4 Rad8 18. Nxg6 hxg6 19. d4 e4 20. f3 exf3 21. Qxf3 Na5 22. Bf4 Rxe1+ 23. Rxe1 Re8 24. Rxe8+ Qxe8 25. Bxd6 cxd6 26. Kh2 Nc4 27. Qe4 Qxe4 28. Bxe4 Nd2 29. Bd5 Nf1+ 30. Kg1 Ne3 31. Bb3 g5 32. c4 f5 33. c5+ Kf8 34. gxf5 bxc5 35. dxc5 dxc5 36. Be6 Nxc2 37. Kf2 Nd4 38. Bc8 Ke7 39. Ke3 Kd8 40. Ba6 Nxf5+ 41. Ke4 Ne7 42. Bb5 Kc7 43. a4 Kd6 44. Be8 Ke6 45. Bb5 Ng6 46. Bc4+ Kf6 47. Kd5 Nf4+ 48. Kxc5 Nxh3 0-1

[Event "Titled Tuesday intern op 01st Aug Early"]
[Site "Chess.com INT"]
[Date "2023.08.01"]
[Round "9"]
[White "Osiecki, Stanislaw"]
[Black "Daurimbetov, Azamat"]
[Result "0-1"]
[WhiteElo "1996"]
[BlackElo "2134"]
[PlyCount "56"]
[EventDate "2023.08.01"]
[EventType "swiss (blitz)"]
[EventRounds "11"]
[EventCountry "USA"]
[SourceTitle "EXT 2024"]
[Source "ChessBase"]
[SourceDate "2023.10.10"]
[SourceVersion "1"]
[SourceVersionDate "2023.10.10"]
[SourceQuality "1"]

1. e4 Nc6 2. d4 e5 3. c3 Nf6 4. d5 Ne7 5. Bd3 Ng6 6. Ne2 Bc5 7. 0-0 d6 8. b4 Bb6 9. a4 a5 10. h3 h6 11. Be3 0-0 12. Bxb6 cxb6 13. Nd2 Nh5 14. Kh2 Nhf4 15. Nxf4 Nxf4 16. Qf3 Qg5 17. Ra2 Bd7 18. b5 Rac8 19. Bb1 Rxc3 20. Rg1 Rxf3 21. Nxf3 Qe7 22. Rc2 Rc8 23. Rgc1 Rxc2 24. Rxc2 Qg5 25. g3 Qh5 26. gxf4 Qxh3+ 27. Kg1 Qxf3 28. Rc7 Bh3 0-1

[Event "Titled Tuesday intern op 25th Jul Early"]
[Site "Chess.com INT"]
[Date "2023.07.25"]
[Round "11"]
[White "Eynullayev, Atilla Elshan"]
[Black "Daurimbetov, Azamat"]
[Result "1-0"]
[WhiteElo "2281"]
[BlackElo "2139"]
[PlyCount "53"]
[EventDate "2023.07.25"]
[EventType "swiss (blitz)"]
[EventRounds "11"]
[EventCountry "USA"]
[SourceTitle "EXT 2024"]
[Source "ChessBase"]
[SourceDate "2023.10.10"]
[SourceVersion "1"]
[SourceVersionDate "2023.10.10"]
[SourceQuality "1"]

1. d4 Nf6 2. c4 g6 3. Nc3 d5 4. cxd5 Nxd5 5. e4 Nxc3 6. bxc3 Bg7 7. Nf3 0-0 8. Be2 c5 9. 0-0 Nc6 10. Be3 Bg4 11. d5 Bxf3 12. Bxf3 Ne5 13. Be2 Qc7 14. c4 Nd7 15. Rb1 f5 16. exf5 gxf5 17. d6 Qxd6 18. Rxb7 Nb6 19. Bf3 f4 20. Bc1 Bd4 21. Qe2 Rf6 22. Rxb6 axb6 23. Bxa8 f3 24. Bxf3 Rh6 25. g3 Rg6 26. Bd5+ Kg7 27. Qf3 1-0

[Event "Titled Tuesday intern op 25th Jul Early"]
[Site "Chess.com INT"]
[Date "2023.07.25"]
[Round "6"]
[White "Novikova, Margarita"]
[Black "Daurimbetov, Azamat"]
[Result "0-1"]
[WhiteElo "1995"]
[BlackElo "2139"]
[PlyCount "44"]
[EventDate "2023.07.25"]
[EventType "swiss (blitz)"]
[EventRounds "11"]
[EventCountry "USA"]
[SourceTitle "EXT 2024"]
[Source "ChessBase"]
[SourceDate "2023.10.10"]
[SourceVersion "1"]
[SourceVersionDate "2023.10.10"]
[SourceQuality "1"]

1. e4 e6 2. d4 d5 3. Nd2 Nc6 4. exd5 exd5 5. c3 Bd6 6. Ngf3 Nge7 7. Bd3 Bf5 8. Nf1 Qd7 9. Ng3 Bg6 10. Be3 h5 11. Bxg6 Nxg6 12. Qd3 Nce7 13. Bg5 f6 14. Nh4 Nxh4 15. Bxh4 g5 16. Bxg5 fxg5 17. 0-0-0 h4 18. Ne2 0-0-0 19. Kb1 Qf5 20. Ka1 Qxd3 21. Rxd3 Rdf8 22. f3 Ng6 0-1

[Event "Titled Tuesday intern op 11th Jul Early"]
[Site "Chess.com INT"]
[Date "2023.07.11"]
[Round "8"]
[White "Daurimbetov, Azamat"]
[Black "Amilal, Munkhdalai"]
[Result "0-1"]
[WhiteElo "2139"]
[BlackElo "2437"]
[PlyCount "56"]
[EventDate "2023.07.11"]
[EventType "swiss (blitz)"]
[EventRounds "11"]
[EventCountry "USA"]
[SourceTitle "EXT 2024"]
[Source "ChessBase"]
[SourceDate "2023.10.10"]
[SourceVersion "1"]
[SourceVersionDate "2023.10.10"]
[SourceQuality "1"]

1. e4 c5 2. d4 cxd4 3. c3 dxc3 4. Nxc3 Nc6 5. Bc4 d6 6. Nf3 e6 7. 0-0 Be7 8. Qe2 a6 9. Rd1 Qc7 10. Bf4 Ne5 11. Bb3 Nf6 12. Rac1 Qb8 13. h3 0-0 14. Nd4 Bd7 15. Bh2 Nc6 16. f4 Nxd4 17. Rxd4 d5 18. Kh1 Qa7 19. Rd2 dxe4 20. Nxe4 Nxe4 21. Qxe4 Bc6 22. Qe2 Rad8 23. Rxd8 Rxd8 24. f5 Bg5 25. Rd1 Rxd1+ 26. Qxd1 Qf2 27. Qg1 Qxf5 28. Qa7 Qf1+ 0-1